Champions League Top Clubs außerhalb der Top 5 Ligen - Statistiken

Allgemein
  • Dieses Quiz wurde 191 mal gespielt
  • Das Durchschnittsergebnis liegt bei 17 aus 25
Antwortstatistiken
Platz Punkte Verein Land % Korrekt
12. 350 Ajax Amsterdam Niederlande
99%
8. 420 Benfica Lissabon Portugal
99%
9. 418 FC Porto Portugal
98%
20. 223 Celtic Glasgow Schottland
94%
24. 170 Galatasaray Türkei
94%
27. 160 Glasgow Rangers Schottland
90%
19. 232 PSV Eindhoven Niederlande
89%
18. 236 Dynamo Kyiv Ukraine
86%
39. 110 Sporting Lissabon Portugal
85%
26. 165 Roter Stern Belgrad Serbien
82%
34. 131 Feyenoord Rotterdam Niederlande
73%
35. 127 AC Sparta Prag Tschechien
72%
36. 126 Club Brügge Belgien
71%
22. 194 RSC Anderlecht Belgien
67%
25. 169 Olympiakos Piräus Griechenland
62%
45. 98 FCSB Rumänien
61%
47. 89 ZSKA Moskau Russland
59%
42. 102 FC Basel Schweiz
57%
29. 150 Shakthar Donetsk Ukraine
51%
38. 123 ZSKA Sofia Bulgarien
50%
52. 82 FK Austria Wien Österreich
48%
32. 145 Panathinaikos Athen Griechenland
46%
50. 84 Rosenborg BK Norwegen
33%
37. 125 Spartak Moskau Russland
32%
44. 100 IFK Göteborg Schweden
31%
Keine übereinstimmenden Quizze gefunden
Verteilung der Resultate
Anzahl Personen mit jedem Resultat
Perzentil nach korrekt beantworteten Fragen
Ihre Resultats-Entwicklung
Sie haben dieses Quiz noch nicht gespielt